000 00671cab a2200217 4500
001 WB2711-20
008 090401t1991 xxu||||| |||| 00| 0 eng d
035 _a(Sirsi) u34597
041 _aeng
245 _aRented sector booming
260 _c1991
350 _a0
490 _aDaily Telegraph
_v13/3/91 p31
520 _aMore people are renting, rather than buying and selling in the depressed market, causing a 51% increase over the last 18 months in the number of homes let.
650 _aASSOCIATION OF RESIDENTIAL LETTING AGENTS
650 _aPRIVATE RENTED SECTOR
650 _aRENTED HOUSING
690 _aHOUSING
942 _n0
948 _c04/03/1997
999 _c22889
_d22889